| 000 | 00583nam a22001937a 4500 | ||
|---|---|---|---|
| 999 |
_c169861 _d169861 |
||
| 005 | 20191206112236.0 | ||
| 010 | _aA-387282 | ||
| 020 |
_cN.A. _a- |
||
| 035 | _aA-387282 | ||
| 037 | _bBPPD | ||
| 082 | _a220.1 | ||
| 100 | _aآ شو ر ا م آ ر يہ | ||
| 245 |
_aيجر و يد (حصہ ا و ل ) _cآ شو ر ا م آ ر يہ |
||
| 246 |
_aYujer Ved (Part-1) _bby Ashu Ram Arya |
||
| 260 |
_aHaryana _c1980 ء _bHaryana Raj Bhawan |
||
| 270 |
_aHaryana Raj Bhawan, _bChandigarh _k- _e- |
||
| 300 |
_a437ص _c22 cm(hb) |
||
| 942 |
_2ddc _cUR _h220.1 _mآ ش و |
||